| 000 | 00411nam a2200145Ia 4500 | ||
|---|---|---|---|
| 008 | 100122s9999 xx 000 0 und d | ||
| 082 |
_b35116 _a922.94 |
||
| 100 | _aVIVEKANAND | ||
| 245 | _aTHE COMPLETE WORKS OF SWAMY VIVEKANAND-4 | ||
| 260 | _bADVAITA ASHRAMA | ||
| 300 | _a535 | ||
| 630 | _aTHE COMPLETE WORKS OF SWAMY VIVEKANAND-4 | ||
| 730 | _aTHE COMPLETE WORKS OF SWAMY VIVEKANAND-4 | ||
| 942 | _cBOOK | ||
| 999 |
_c371064 _d371061 |
||